000 01497nam a2200325 i 4500
001 bg
100 1 _aDURKOWSKI, Tadeusz
245 1 0 _aSkuteczność zabiegów agromelioracyjnych i drenowania wybranych gleb Pomorza Zachodniego =
_bThe efficiency of agroreclamation measures and draining in selected soils of Western Pomerania /
_cTadeusz Durkowski ; Instytut Melioracji i Użytków Zielonych.
246 1 1 _aEfficiency of agroreclamation measures and draining in selected soils of Western Pomerania
260 _aFalenty :
_bWydaw. IMUZ,
_c2002.
300 _a145, [1] s. :
_bil. ;
_c24 cm.
490 1 _aWoda, Środowisko, Obszary Wiejskie.. Rozprawy Naukowe i Monografie,
_x1644-1095 ;
_vnr 3
500 _aStreszcz. ang.
504 _aBibliogr.
650 9 _aGleba
_xfizyka
_zPolska
650 9 _aGleba
_xhydrologia
_zPolska
650 9 _aMelioracje rolne
_xdoświadczalnictwo
_zPolska
_y1956-1989 r.
651 9 _aPomorze Zachodnie
_xgleba
651 9 _aPomorze Zachodnie
_xmeteorologia
710 0 _aInstytut Melioracji i Użytków Zielonych (Falenty)
830 0 _aWoda, Środowisko, Obszary Wiejskie..
_pRozprawy Naukowe i Monografie
020 _a8388763156
040 _cBPK
041 0 _apol
_beng
080 _a631.4:551.5:53:626.8:631.6](438)
920 _a83-88763-15-6
942 _cKS
008 s pl f |000 0 pol
999 _c42999
_d42999
856 _uhttp://koha.tu.koszalin.pl/cgi-bin/koha/opac-detail.pl?biblionumber=42999
_yKatalog online BPK